Т. 56, вып. 4; Журнал экспериментальной и теоретической физики

গ্রন্থ-পঞ্জীর বিবরন
Parent link:Журнал экспериментальной и теоретической физики=ЖЭТФ/ Академия наук СССР (АН СССР). Т. 56, вып. 4.— , 1931-.— 0044-4510
ভাষা:রুশ
প্রকাশিত: 1969
বিন্যাস: গ্রন্থ
KOHA link:https://koha.lib.tpu.ru/cgi-bin/koha/opac-detail.pl?biblionumber=430947

MARC

LEADER 00000nam2a2200000 4500
001 430947
005 20231101075304.0
035 |a (RuTPU)RU\TPU\prd\91015 
035 |a RU\TPU\prd\90989 
090 |a 430947 
100 |a 20101125a18699999k y0rusy50 ca 
101 0 |a rus 
102 |a RU 
200 0 |a Т. 56, вып. 4 
210 |d 1969 
461 1 |0 (RuTPU)RU\TPU\prd\1443  |x 0044-4510  |t Журнал экспериментальной и теоретической физики  |l ЖЭТФ  |f Академия наук СССР (АН СССР)  |v Т. 56, вып. 4  |d 1931- 
801 0 |a RU  |b 63413507  |c 20010227  |g PSBO 
801 1 |a RU  |b 63413507  |c 20020301  |g PSBO 
801 2 |a RU  |b 63413507  |c 20101125  |g PSBO 
942 |c BK 
999 |a НТБ_ТПУ  |b НФ  |e -8/20100113  |p П-770а  |u 0,00  |v 1